[Event "IND AICF-ch blind 18th"]
[Site "Odisha"]
[Date "2025.04.04"]
[Round "5"]
[White "Abdul, Samad S"]
[Black "Arivazhagan, S."]
[Result "0-1"]
[WhiteElo "1443"]
[BlackElo "1572"]
[PlyCount "82"]
[EventDate "2025.04.02"]
[EventType "swiss"]
[EventRounds "9"]
[EventCountry "IND"]
[SourceTitle "CB15_2025"]
[SourceDate "2025.04.09"]
[SourceVersion "1"]
[SourceVersionDate "2025.04.09"]
[SourceQuality "1"]

1. Nf3 d5 2. g3 c5 3. Bg2 Nf6 4. d3 Bg4 5. 0-0 Nc6 6. Nbd2 e6 7. h3 Bh5 8. Re1 Qc7 9. g4 Bg6 10. Nh4 Bd6 11. Nf1 Nd7 12. e3 Be7 13. Nf3 f5 14. gxf5 Bxf5 15. e4 dxe4 16. dxe4 Bg6 17. Ng5 Bxg5 18. Bxg5 0-0 19. c3 Nde5 20. f4 Nf7 21. f5 exf5 22. exf5 Bxf5 23. Be3 Nce5 24. Bf4 Rad8 25. Qh5 g6 26. Qh4 Rfe8 27. Qg3 Re7 28. Re3 Rde8 29. c4 Qb6 30. b3 Qf6 31. Rd1 b6 32. Rde1 Kg7 33. R3e2 h6 34. Ne3 Be6 35. Bd5 Nd3 36. Rf1 Nxf4 37. Rxf4 Qa1+ 38. Kf2 Bxd5 39. cxd5 Ng5 40. Qg2 Qc1 41. Rf3 Ne4# 0-1

[Event "IND AICF-ch blind 18th"]
[Site "Odisha"]
[Date "2025.04.02"]
[Round "1"]
[White "Abdul, Samad S"]
[Black "Rafik, S."]
[Result "1-0"]
[WhiteElo "1443"]
[BlackElo "1641"]
[PlyCount "62"]
[EventDate "2025.04.02"]
[EventType "swiss"]
[EventRounds "9"]
[EventCountry "IND"]
[SourceTitle "CB15_2025"]
[SourceDate "2025.04.09"]
[SourceVersion "1"]
[SourceVersionDate "2025.04.09"]
[SourceQuality "1"]

1. Nf3 c5 2. g3 Nc6 3. Bg2 d5 4. 0-0 e5 5. d3 h6 6. Nbd2 Nf6 7. a4 Be7 8. e4 dxe4 9. dxe4 Bg4 10. h3 Bh5 11. g4 Bg6 12. Nc4 Nxe4 13. Qxd8+ Rxd8 14. Ncxe5 Nxe5 15. Nxe5 Bh7 16. f4 0-0 17. Re1 Nd6 18. Bf3 Bh4 19. Re2 Rfe8 20. b3 f6 21. Nd3 Rxe2 22. Bxe2 Re8 23. Kf1 Ne4 24. Bf3 b6 25. a5 b5 26. f5 c4 27. bxc4 bxc4 28. Nb4 Kh8 29. Kg2 Bg8 30. a6 Be1 31. Nc6 Bd5 1-0